[Event "ROM-ch U08"]
[Site "Calimanesti Caciulata"]
[Date "2019.04.20"]
[Round "7"]
[White "Pragai, Bogdan Marcel"]
[Black "Iorga, Flavius Stefan"]
[Result "1-0"]
[WhiteElo "1047"]
[BlackElo "1001"]
[PlyCount "30"]
[EventDate "2019.04.15"]
[EventType "swiss"]
[EventRounds "9"]
[EventCountry "ROU"]
[SourceTitle "CBM 190 Extra"]
[Source "ChessBase"]
[SourceDate "2019.07.15"]
[SourceVersion "1"]
[SourceVersionDate "2019.07.15"]
[SourceQuality "1"]

1. e4 e5 2. Nf3 Nc6 3. Bc4 Bc5 4. Nc3 Nf6 5. d3 h6 6. Be3 Bb6 7. Qe2 d6 8. Bd2 Bg4 9. h3 Bh5 10. g4 Bg6 11. 0-0-0 0-0 12. Nh4 Nd7 13. Nxg6 Re8 14. Qf3 Qf6 15. Qxf6 gxf6 1-0

[Event "ROM-ch U08"]
[Site "Calimanesti Caciulata"]
[Date "2019.04.17"]
[Round "3"]
[White "Cristea, George Cristian"]
[Black "Pragai, Bogdan Marcel"]
[Result "0-1"]
[WhiteElo "1001"]
[BlackElo "1047"]
[PlyCount "28"]
[EventDate "2019.04.15"]
[EventType "swiss"]
[EventRounds "9"]
[EventCountry "ROU"]
[SourceTitle "CBM 190 Extra"]
[Source "ChessBase"]
[SourceDate "2019.07.15"]
[SourceVersion "1"]
[SourceVersionDate "2019.07.15"]
[SourceQuality "1"]

1. e4 e5 2. Nf3 Nc6 3. d4 Nf6 4. Nc3 Ng4 5. Qe2 exd4 6. Nxd4 Nxd4 7. Qd1 Qf6 8. Qd2 Bc5 9. Bc4 d6 10. Nd5 Qe5 11. Nxc7+ Kf8 12. Nxa8 Qxe4+ 13. Be2 Nxc2+ 14. Kd1 Nxf2# 0-1

[Event "ROM-ch U08"]
[Site "Calimanesti Caciulata"]
[Date "2019.04.15"]
[Round "1"]
[White "Maier, Alexandru Sever"]
[Black "Pragai, Bogdan Marcel"]
[Result "1-0"]
[WhiteElo "1001"]
[BlackElo "1047"]
[PlyCount "95"]
[EventDate "2019.04.15"]
[EventType "swiss"]
[EventRounds "9"]
[EventCountry "ROU"]
[SourceTitle "CBM 190 Extra"]
[Source "ChessBase"]
[SourceDate "2019.07.15"]
[SourceVersion "1"]
[SourceVersionDate "2019.07.15"]
[SourceQuality "1"]

1. e4 e5 2. Nf3 Nc6 3. Nc3 Nf6 4. Bc4 Bc5 5. 0-0 d6 6. d3 Bg4 7. h3 Bh5 8. Be3 Bd4 9. Bxd4 Nxd4 10. g4 Bg6 11. Nxd4 exd4 12. Ne2 Qe7 13. Nxd4 Qe5 14. c3 Qg5 15. Re1 c5 16. Nb5 0-0 17. Nxd6 Bh5 18. f3 b6 19. d4 Qg6 20. Rc1 Nd7 21. Kf1 Qxd6 22. gxh5 Qh2 23. Re3 Qxh3+ 24. Ke1 Qh1+ 25. Kd2 Qg2+ 26. Re2 Qxf3 27. Re1 Qf2+ 28. Be2 Qf4+ 29. Kc2 Qxe4+ 30. Bd3 Qg2+ 31. Re2 Qf3 32. Rh2 Qg3 33. Qd2 Rae8 34. Rg2 Qf3 35. h6 g6 36. Rf1 Qh3 37. Bb5 Re7 38. Bc6 Rfe8 39. Rf3 Qxg2 40. Qxg2 Re2+ 41. Qxe2 Rxe2+ 42. Kd1 Rxb2 43. Bxd7 Rxa2 44. Re3 Ra1+ 45. Ke2 Ra2+ 46. Kf3 f6 47. Be6+ Kf8 48. Bxa2 1-0